000 00484nam a2200181Ia 4500
001 19917
005 20260306172728.0
008 260306t2021||||xx |||||||||||||| ||spa||
041 _aESP
082 _a341.4
_bLL726
100 _aLLano Alonso, Fernando H.,
_eAUT
245 0 _aInteligencia artificial y derecho. El jurista ante los retos de la era digital
260 _c2021
300 _a392 páginas :
_c23 cm.
650 _aGEN
654 _aCDE
942 _cLIB
_dJUS
_fJUS
_2ddc
_n
999 _c19917
_d19917